| 000 | 00652nam a2200217 u 4500 | ||
|---|---|---|---|
| 005 | 20220914063445.0 | ||
| 008 | 120626s2010 r 000 0 eng d | ||
| 020 | _a9789872578022 | ||
| 035 | _aUPN01000185470 | ||
| 049 | _aCG | ||
| 050 | 4 |
_aPQ7798.423 A4.7 _bN4.3 |
|
| 100 | 1 |
_aMaisonnave, Santiago, _d1977- |
|
| 245 | 1 | 0 |
_aNegro el 10 / _cSantiago Maisonnave ; il. Iñaki Echeverría. |
| 260 |
_aBuenos Aires : _bManoescrita, _cc2010. |
||
| 300 |
_a109 p. : _bil. |
||
| 440 | 0 | _aNovela gráfica | |
| 650 | 7 |
_aLiteratura argentina _ySiglo XXI _2 _920275 |
|
| 700 | 1 |
_aEcheverría, Iñaki, _d1974- _eil. _935804 |
|
| 905 | _aLibro | ||
| 999 |
_c157573 _d157573 |
||